000 00200 a2200097 4500
020 _a9780545227414
041 _aspa
100 _aSuzanne Bloom
245 _aUn amigo de veras maravilloso
942 _cBK
999 _c29110
_d29108